| 000 | 00713cam a22002533a 4500 | ||
|---|---|---|---|
| 001 | 4749 | ||
| 003 | PGUSA | ||
| 005 | 20140828083107.0 | ||
| 008 | 031201s2003||||xxu|||||s|||||000 | eng d | ||
| 040 |
_aPGUSA _beng |
||
| 042 | _adc | ||
| 050 | 4 | _aM | |
| 100 | 1 |
_aBeethoven, Ludwig van, _d1770-1827 |
|
| 245 | 1 | 0 |
_aString Quartet No. 01 in F major Opus 18 _h[electronic resource] / _cLudwig van Beethoven |
| 260 |
_bProject Gutenberg, _c2003 |
||
| 500 | _aMusical score | ||
| 506 | _aPublic domain in the USA. | ||
| 516 | _aElectronic text | ||
| 653 | _aString quartets -- Scores | ||
| 653 | _aMusic | ||
| 830 | 0 |
_aProject Gutenberg _v4749 |
|
| 856 | 4 | 0 | _uhttp://www.gutenberg.org/ebooks/4749 |
| 942 | _cEB | ||
| 999 |
_c234078 _d234078 |
||